[Event "Sports Meet Chess Tour 55th"]
[Site "New Delhi"]
[Date "2022.12.17"]
[Round "3.3"]
[White "Sadhu, S Adithya"]
[Black "Dheekshith, Kumar R"]
[Result "1-0"]
[WhiteElo "1944"]
[BlackElo "1752"]
[PlyCount "93"]
[EventDate "2022.12.15"]
[EventType "team-swiss"]
[EventRounds "7"]
[EventCountry "IND"]
[SourceTitle "CBM 212 Extra"]
[Source "ChessBase"]
[SourceDate "2023.03.31"]
[SourceVersion "1"]
[SourceVersionDate "2023.03.31"]
[SourceQuality "1"]
[WhiteTeam "Madras"]
[BlackTeam "Delhi"]
[WhiteTeamCountry "IND"]
[BlackTeamCountry "IND"]

1. e4 c6 2. d4 d5 3. Nc3 dxe4 4. Nxe4 Bf5 5. Ng3 Bg6 6. Nf3 Nd7 7. h4 h6 8. h5 Bh7 9. Bd3 Bxd3 10. Qxd3 Qc7 11. Be3 e6 12. 0-0-0 0-0-0 13. Kb1 Ngf6 14. Ne2 Ng4 15. c4 Nxe3 16. fxe3 Kb8 17. g4 Nf6 18. Rhg1 c5 19. Nc3 a6 20. Qe2 cxd4 21. exd4 Bb4 22. Ne5 Bd6 23. Rdf1 Rhf8 24. Nf3 Bb4 25. Ka1 Ka8 26. Nd1 Be7 27. Ne3 Nd7 28. g5 hxg5 29. Nxg5 Bf6 30. Nh7 Rg8 31. Nxf6 Nxf6 32. Rg2 Qa5 33. h6 gxh6 34. Rxf6 Rxg2 35. Nxg2 Qg5 36. Rf1 Rxd4 37. a3 Rd2 38. Qf3 Qg7 39. Qb3 Rxg2 40. Qb6 Qg4 41. Qd8+ Ka7 42. c5 Qg5 43. Qb6+ Ka8 44. c6 Qb5 45. cxb7+ Kb8 46. Qd8+ Ka7 47. Qa8+ 1-0

[Event "Mumbai Wealth op"]
[Site "Mumbai"]
[Date "2016.02.04"]
[Round "8"]
[White "Ojas, Kulkarni"]
[Black "Dheekshith, Kumar R"]
[Result "1-0"]
[WhiteElo "2000"]
[BlackElo "1655"]
[PlyCount "114"]
[EventDate "2016.01.28"]
[EventType "swiss"]
[EventRounds "9"]
[EventCountry "IND"]
[SourceTitle "CBM 170 Extra"]
[Source "ChessBase"]
[SourceDate "2016.02.25"]
[SourceVersion "1"]
[SourceVersionDate "2016.02.25"]
[SourceQuality "1"]

1. c4 b6 2. Nc3 Bb7 3. e4 e6 4. g3 f5 5. Bg2 Nf6 6. d3 Bb4 7. Nge2 fxe4 8. 0-0 0-0 9. dxe4 Ng4 10. Qb3 Bc5 11. Nd1 Nc6 12. Qc3 Qe8 13. Ne3 Nxh2 14. Kxh2 Qh5+ 15. Kg1 Qxe2 16. f3 Ba6 17. Rf2 Bxe3 18. Bxe3 Qxc4 19. Qa3 Bb7 20. Rd1 d6 21. Rc1 Qb5 22. Bh3 Qe5 23. f4 Qxe4 24. Bg2 Qg6 25. Bxc6 Bxc6 26. Rxc6 Qxg3+ 27. Kf1 Qh3+ 28. Kg1 Rf6 29. Rg2 Qh4 30. Bf2 Qxf4 31. Rxc7 g5 32. Qd3 Qf5 33. Qxf5 Rxf5 34. Re7 e5 35. Rd7 Rc8 36. Be3 h5 37. Bxg5 Rc4 38. Rxd6 Rg4 39. Rxg4 hxg4 40. Be3 Rf3 41. Bf2 Kf7 42. Kg2 e4 43. Rd4 Kf6 44. Rxe4 Rd3 45. Rxg4 Rd2 46. Rb4 Ke5 47. Kf3 Kd5 48. Be3 Rc2 49. Rd4+ Kc6 50. Rd2 Rc4 51. Ke2 a5 52. Kd3 Rh4 53. Rg2 b5 54. Rg6+ Kd5 55. Rg5+ Kc6 56. Rc5+ Kb7 57. Rxb5+ Kc6 1-0

[Event "Mumbai Wealth op"]
[Site "Mumbai"]
[Date "2016.02.01"]
[Round "5"]
[White "Dheekshith, Kumar R"]
[Black "Mohite, Ranveer"]
[Result "1-0"]
[WhiteElo "1655"]
[BlackElo "1950"]
[PlyCount "99"]
[EventDate "2016.01.28"]
[EventType "swiss"]
[EventRounds "9"]
[EventCountry "IND"]
[SourceTitle "CBM 170 Extra"]
[Source "ChessBase"]
[SourceDate "2016.02.25"]
[SourceVersion "1"]
[SourceVersionDate "2016.02.25"]
[SourceQuality "1"]

1. e4 c5 2. Nf3 d6 3. d4 cxd4 4. Nxd4 Nf6 5. f3 Nc6 6. c4 Qb6 7. Nb3 g6 8. Na3 Be6 9. Nc2 Ne5 10. Be3 Qc7 11. Na3 Bg7 12. Rc1 0-0 13. Be2 Nc6 14. Nb5 Qd8 15. 0-0 Rc8 16. Nc3 a5 17. Qd2 Nd7 18. Nd4 Nxd4 19. Bxd4 Bxd4+ 20. Qxd4 Qb6 21. Qxb6 Nxb6 22. Nd5 Bxd5 23. cxd5 Na4 24. f4 Rc5 25. Rxc5 Nxc5 26. Bf3 Nd3 27. Be2 Nc5 28. e5 Rc8 29. Rc1 Rc7 30. Rc3 Kf8 31. a3 Ke8 32. b4 Na6 33. Rxc7 Nxc7 34. Bc4 axb4 35. axb4 Na6 36. Bxa6 bxa6 37. Kf2 dxe5 38. fxe5 f6 39. Ke3 Kd7 40. Kd4 h6 41. h3 f5 42. Ke3 g5 43. h4 gxh4 44. Kf4 e6 45. d6 Ke8 46. Kf3 h5 47. Kf2 h3 48. gxh3 Kf8 49. Kf3 Ke8 50. Kf4 1-0

[Event "Mumbai Wealth op"]
[Site "Mumbai"]
[Date "2016.01.30"]
[Round "3"]
[White "Gavi, Siddayya"]
[Black "Dheekshith, Kumar R"]
[Result "1-0"]
[WhiteElo "1971"]
[BlackElo "1655"]
[PlyCount "72"]
[EventDate "2016.01.28"]
[EventType "swiss"]
[EventRounds "9"]
[EventCountry "IND"]
[SourceTitle "CBM 170 Extra"]
[Source "ChessBase"]
[SourceDate "2016.02.25"]
[SourceVersion "1"]
[SourceVersionDate "2016.02.25"]
[SourceQuality "1"]

1. e4 c5 2. Nf3 Nc6 3. d4 cxd4 4. Nxd4 Nf6 5. Nc3 e5 6. Ndb5 d6 7. Bg5 a6 8. Na3 b5 9. Nd5 Be7 10. Bxf6 Bxf6 11. c3 Bb7 12. Nc2 Nb8 13. a4 bxa4 14. Rxa4 Nd7 15. Bc4 0-0 16. Ra2 Nb6 17. Nxb6 Qxb6 18. Bd5 Bxd5 19. Qxd5 Rab8 20. Nb4 Ra8 21. 0-0 a5 22. Rfa1 Rac8 23. Qxa5 Qxa5 24. Rxa5 Bd8 25. Ra8 Rxa8 26. Rxa8 Bb6 27. Ra6 Bc5 28. Nd5 g6 29. b4 Rb8 30. Kf1 f5 31. exf5 gxf5 32. bxc5 Rb1+ 33. Ke2 Rb2+ 34. Kf3 dxc5 35. Ra7 Rb3 36. Kg3 Rb2 1-0